00360nam a2200145Ia 4500008004100000020001500041041001200056082001600068100001600084245005700100250000800157260002500165300000800190650001600198221030s9999 xx 000 0 und d a0071159975 aEnglish a105.23bHay aJ. P. Hayes 0aComputer Architecture & Organizationcby J. P. Hayes a3rd bTMHaNew Delhic1998 a604 aBE Computer